ბათუმის შოთა რუსთაველის სახელმწიფო უნივერსიტეტის ბიბლიოთეკა

სლოგანების სინტაქსური სტრუქტურა და მათი ზემოქმედების გზები / (ბიბ.ჩანაწერი № 56952)

000 -ლიდერი
ფიქსირებული სიგრძის საკონტროლო ველი 01515nam a22002297a 4500
003 - საკონტროლო ნომრის იდენტიფიკატორი
საკონტროლო ველი Ge_BSU
005 - ბოლო ოპერაციის თარიღი და დრო
საკონტროლო ველი 20221221152431.0
008 - ფიქსირებული სიგრძის მონაცემთა ელემენტები - ზოგადი ინფორმაცია
ფიქსირებული სიგრძის საკონტროლო ველი 190718s2019 ge ||||| |||| 00| 0 geo d
041 ## - ენის კოდი
Language code of text/sound track or separate title geo
080 ## - უნივერსალური ათობითი კლასიფიკაციის ინდექსი
Universal Decimal Classification number 811.353.1 გ-51
100 ## - მთავარი ჩანაწერი - პიროვნების სახელი
Personal name გიორგაძე, თინათინ.
9 (RLIN) 3257
245 ## - ცნობა სათაურის შესახებ
Title სლოგანების სინტაქსური სტრუქტურა და მათი ზემოქმედების გზები /
Statement of responsibility, etc თინათინ გიორგაძე ; სამეცნ. ხელმძღ. ნათია ფარტენაძე.
264 ## - წარმოების, გამოცემის, დისტრიბუციის და სხვა ცნობები
გამოცემის, წარმოების, დისტრიბუციის... ადგილი თბილისი :
გამოცემის, წარმოების, დისტრიბუციის... სახელწოდება ბსუ,
გამოცემის, წარმოების, დისტრიბუციის... თარიღი 2019.
300 ## - ფიზიკური აღწერა
Extent 154 გვ .:
Other physical details ილ ;
Dimensions 33 სმ.
653 ## - INDEX TERM--UNCONTROLLED
Uncontrolled term სლოგანების სინტაქსური სტრუქტურა და მათი ზემოქმედების გზები
653 ## - INDEX TERM--UNCONTROLLED
Uncontrolled term ქართული ენა
653 ## - INDEX TERM--UNCONTROLLED
Uncontrolled term დისერტაცია
700 ## - ADDED ENTRY--PERSONAL NAME
Personal name ფარტენაძე, ნათია
Relator term სამეცნიერო ხელმძღვანელი
9 (RLIN) 3258
710 ## - ADDED ENTRY--CORPORATE NAME
Corporate name or jurisdiction name as entry element ბათუმის შოთა რუსთაველის სახელმწიფო უნივერსიტეტი ჰუმანიტარულ მეცნიერებათა ფაკულტეტი
9 (RLIN) 3259
710 ## - ADDED ENTRY--CORPORATE NAME
Corporate name or jurisdiction name as entry element ქართული ფილოლოგიის დეპარტამენტი
9 (RLIN) 3191
942 ## - ADDED ENTRY ELEMENTS (KOHA)
Source of classification or shelving scheme
Koha item type დისერტაცია
ეგზემპლარები
ჩამოწერის სტატუსი დაკარგული ეგზემპლარის სტატუსი კლასიფიკაციის წყარო ან თაროზე გაწყობის სქემა დაზიანების სტატუსი არ გაიცემა მუდმივი მდებარეობა (დაცვის ადგილი) ამჟამინდელი ადგილსამყოფელი თაროზე განთავსების ადგილი შეძენის თარიღი სრული შენახვის შიფრი შტრიხკოდი ბოლო ოპერაციის თარიღი ეგზემპლარის მიმდევრობითი ნომერი (კეტერი?) ფასის ძალაში შესვლის თარიღი ეგზემპლარის სახეობა
        შიდა ფონდი ბათუმის შოთა რუსთაველის სახელმწიფო უნივერსიტეტის მთავარი ბიბლიოთეკა ბათუმის შოთა რუსთაველის სახელმწიფო უნივერსიტეტის მთავარი ბიბლიოთეკა წიგნსაცავი 2019-07-18 811.353.1 გ-51 დისერტაცია 323 2019-07-18 დისერტაცია 323 2019-07-18 დისერტაცია